00722nam a2200181 a 450000100100000000500170001000800410002702000150006804000250008308200150010810000300012324501520015326000390030530000210034470000450036595201130041099900170052300004134420201002034816.0131001s1996 dr 000 0 spa d a8460554805 aDO-SdBNPbspacBNPHU axxxxbxxxx1 aMessina, Guitze M.96798713aLa nueva gerencia :bcómo manejar los dos factores críticos que dominarán el siglo 21 /cGuitze M.Messina ; prólogo Carlos M. Cuevas Viera. aSanto Domingo, :bCorripio,c1996. a120 p. ;c23 cm.1 aCuevas Viera, Carlos M.,epról.967988 0010718PDaPDbPDcHDd2013-10-01iLF1l0oxxxx xxxxp41344-10r2020-06-25w2020-06-25yLFPDZNo se presta c40834d40834